| 000 | 00819nam a2200241 a 4500 | ||
|---|---|---|---|
| 003 | OSt | ||
| 005 | 20141015182244.0 | ||
| 008 | 110919 2006 esp spa d | ||
| 020 | _a84-234-2325-5 | ||
| 040 | _cBMC | ||
| 082 | _a658.11 | ||
| 082 | _a658.022 | ||
| 110 | 2 |
_95276 _aHarvard Institute for International Development |
|
| 245 |
_aCómo crear una empresa exitosa _b: técnicas y consejos esenciales para empezar y hacer crecer un nuevo negocio _c[traducción, Ana García Bertrán] |
||
| 260 |
_aBarcelona _bDeusto _ccop. 2006 |
||
| 300 |
_aXVIII, 267 p. _c23 cm |
||
| 490 | 0 | _aHarvard Business Essentials | |
| 595 | _aTraducción de: Entrepeneur´s Toolkit | ||
| 650 | 4 |
_aProyecto de empresa _926399 |
|
| 650 | 4 |
_aNuevas empresas _910208 |
|
| 700 | 1 |
_98832 _aGarcía Bertrán, Ana |
|
| 942 |
_2ddc _cBK |
||
| 999 |
_c14473 _d14473 |
||